000 00654nam a2200241 i 4500
001 C2-0254318
003 PPAK
005 20180727221948.0
008 040428s1956 my |||| ||||| | may d
040 _aPPAK
_beng
_cPPAK
_erda
082 0 4 _a089.9928
_223
090 0 0 _a089.9928
_bKAT
_dKSA
245 0 0 _aKata-kata hikmat atau ratna mutu manikam
264 1 _aPenang :
_bSinaran Bros. ,
_c1956
300 _a43 pages ;
_c19 cm
336 _2rdacontent
_atext
337 _2rdamedia
_aunmediated
338 _2rdacarrier
_avolume
500 _aTeks dalam tulisan Jawi
650 1 0 _aQuotations
700 0 _aJihati Abadi,
_ecompile
942 _ddc
_cB
999 _c67062
_d67062